| 000 | 01346nam a2200325Ia 4500 | ||
|---|---|---|---|
| 001 | ebr10278894 | ||
| 003 | CaPaEBR | ||
| 006 | m u | ||
| 007 | cr cn||||||||| | ||
| 008 | 951108s1996 nyu sb 001 0 eng d | ||
| 010 | _z 95049367 | ||
| 020 | _z0195099729 | ||
| 020 | _z0195099737 | ||
| 020 | _z9780195099720 | ||
| 040 |
_aCaPaEBR _cCaPaEBR |
||
| 035 | _a(OCoLC)252595659 | ||
| 050 | 1 | 4 |
_aF548.9.E2 _bB33 1996eb |
| 100 | 1 |
_aBacon, Jean Leslie, _d1962- |
|
| 245 | 1 | 0 |
_aLife lines _h[electronic resource] : _bcommunity, family, and assimilation among Asian Indian immigrants / _cJean Bacon. |
| 260 |
_aNew York : _bOxford University Press, _c1996. |
||
| 300 | _axv, 295 p. | ||
| 504 | _aIncludes bibliographical references (p. 263-281) and index. | ||
| 533 |
_aElectronic reproduction. _bPalo Alto, Calif. : _cebrary, _d2009. _nAvailable via World Wide Web. _nAccess may be limited to ebrary affiliated libraries. |
||
| 650 | 0 |
_aEast Indian Americans _xCultural assimilation _zIllinois _zChicago. |
|
| 650 | 0 |
_aEast Indian Americans _zIllinois _zChicago _xEthnic identity. |
|
| 651 | 0 |
_aChicago (Ill.) _xSocial conditions. |
|
| 655 | 7 |
_aElectronic books. _2local |
|
| 710 | 2 | _aebrary, Inc. | |
| 856 | 4 | 0 |
_uhttp://site.ebrary.com/lib/rucke/Doc?id=10278894 _zAn electronic book accessible through the World Wide Web; click to view |
| 999 |
_c19229 _d19229 |
||